01313nam a2200277 a 450000100060000000300080000600500170001400800410003103500200007204000320009204100080012408200270013210000320015924501300019126000550032130000290037650001010040550400310050665000330053765100500057071000940062094200120071499900170072695201460074395201460088941704BD-RjUL20211209053433.0160605s1969 caub b 001 0 eng d a(BD-RjUL) 41822 aDLCcDLCdEQOdBD-RjULbeng aeng a320.9548223bIRP 19691 aIrschick, Eugene F.912810110aPolitics and social conflict in South India :bthe non-Brahman movement and Tamil separatism, 1916-1929 /cEugene F. Irschick aBerkeley :bUniversity of California Press,cc1969 a414 p. :bill. ;c24 cm. aSponsored by the Center for South and Southeast Asia Studies, University of California, Berkeley aBibliography: p. [381]-401 0aTamil (Indic people)9128102 0aIndia, SouthxPolitics and government91281032 aUniversity of California, Berkeley.bCenter for South and Southeast Asia Studies.9128104 2ddccBK c41704d41704 00102ddc40708NFICaRUCLbRUCLcStackd1974-05-07eOxford University Pressl0o320.9548 IRP 1969r2016-06-05 00:00:00tC-3w2016-06-05yBK 00102ddc40708NFICaRUCLbRUCLcStackd1974-05-07eOxford University Pressl0o320.9548 IRP 1969r2016-06-05 00:00:00tC-2w2016-06-05yBK